000 00504nam a22001937a 4500
003 MPLRDC
005 20220104124622.0
008 210129b ||||| |||| 00| 0 eng d
020 _a7-5062-4234-6
082 _a410 LT
100 _a刘彤、梁军 编
245 _a新编家庭医生手册
_c
250 _a一版五刷
260 _a中国
_b世界图书出版西安公司
_c2004
300 _b1286
490 _a现代家庭医疗自助丛书
650 _a医药总论
942 _cBK
_o410 LT
999 _c20780
_d20770